|
|
|
|
| LEADER |
00625cam a2200157 7i4500 |
| 001 |
0000009784 |
| 005 |
20010711090000.0 |
| 090 |
0 |
0 |
|a JAPN 641.3
|b MAL MAT 641.3 MAL P 641.3 MAL
|
| 110 |
1 |
0 |
|a Malaysia External Trade Development Corporation (MATRADE)
|
| 245 |
1 |
0 |
|a MATRADE business handbook :
|b rules & regulations for the export of food - Japan.
|
| 260 |
0 |
0 |
|a Kuala Lumpur:
|b MATRADE,
|c 2001.
|
| 300 |
# |
# |
|a 17 p.
|
| 650 |
0 |
0 |
|a Food --
|x Handbooks, manuals etc --
|z Japan
|
| 650 |
0 |
0 |
|a Exports --
|x Handbooks, manuals etc --
|z Japan
|
| 651 |
0 |
0 |
|a Japan
|
| 999 |
|
|
|a 0000012423
|b Book
|c Countries
|e Business Information Centre
|